[Event "3. Open Internacional de Calviá"]
[Site "Calvia ESP"]
[Date "2006.10.27"]
[Round "8.2"]
[White "Conquest, Stuart"]
[Black "Bruzon, Lazaro"]
[Result "1/2-1/2"]
[WhiteElo "2530"]
[BlackElo "2648"]
[PlyCount "69"]
[EventDate "2006.10.20"]
[EventType "swiss"]
[EventRounds "9"]
[EventCountry "ESP"]
[Source "lmi"]
[SourceDate "2006.10.20"]

1. Nf3 Nf6 2. c4 b6 3. g3 Bb7 4. Bg2 e6 5. O-O Be7 6. d4 O-O 7. Nc3 Ne4 8. Bd2
f5 9. d5 Bf6 10. Rc1 Na6 11. a3 c5 12. Qb3 Bxc3 13. Bxc3 exd5 14. cxd5 d6 15.
Rfd1 Qe7 16. Nd2 Nc7 17. Nb1 Rae8 18. Be1 Qf7 19. Nc3 Nxc3 20. bxc3 Rxe2 21. c4
f4 22. Qf3 Re7 23. Bd2 Qe8 24. Re1 b5 25. Rxe7 Qxe7 26. Re1 Qd7 27. Qb3 fxg3
28. hxg3 Ba6 29. cxb5 Qxb5 30. Qxb5 Nxb5 31. Bf4 Rd8 32. Bg5 Rb8 33. Bf4 Rd8
34. Bg5 Rb8 35. Bf4 1/2-1/2

[Event "3. Open Internacional de Calviá"]
[Site "Calvia ESP"]
[Date "2006.10.27"]
[Round "8.3"]
[White "Romanishin, Oleg M"]
[Black "Damljanovic, Branko"]
[Result "1/2-1/2"]
[WhiteElo "2542"]
[BlackElo "2595"]
[PlyCount "23"]
[EventDate "2006.10.20"]
[EventType "swiss"]
[EventRounds "9"]
[EventCountry "ESP"]
[Source "lmi"]
[SourceDate "2006.10.20"]

1. d4 Nf6 2. Nf3 g6 3. g3 Bg7 4. Bg2 O-O 5. O-O d6 6. a4 a5 7. Nc3 Na6 8. e4
Nb4 9. h3 c6 10. Be3 Qc7 11. Qd2 e5 12. Rfd1 1/2-1/2

[Event "3. Open Internacional de Calviá"]
[Site "Calvia ESP"]
[Date "2006.10.27"]
[Round "8.4"]
[White "Tiviakov, Sergei"]
[Black "Sulskis, Sarunas"]
[Result "1-0"]
[WhiteElo "2680"]
[BlackElo "2518"]
[PlyCount "73"]
[EventDate "2006.10.20"]
[EventType "swiss"]
[EventRounds "9"]
[EventCountry "ESP"]
[Source "lmi"]
[SourceDate "2006.10.20"]

1. e4 e5 2. Nf3 Nc6 3. Bb5 a6 4. Ba4 Nf6 5. Qe2 Bc5 6. c3 O-O 7. d3 Re8 8. Bg5
h6 9. Bh4 Be7 10. Nbd2 Nh5 11. Bg3 Bf6 12. Nf1 Nxg3 13. hxg3 b5 14. Bb3 Na5 15.
Bc2 d5 16. exd5 Qxd5 17. Ne3 Qd8 18. Nd2 Bb7 19. Ne4 Bg5 20. Nxg5 Qxg5 21. Rh5
Qg6 22. O-O-O c5 23. d4 Be4 24. dxc5 Nb7 25. Rd5 Bxc2 26. Nxc2 f6 27. Ne3 Rad8
28. c6 Rxd5 29. Nxd5 Nc5 30. c7 Qf7 31. Qf3 Ne6 32. Rxh6 Nxc7 33. Nxc7 Rd8 34.
Qg4 Qxa2 35. Rh4 Qa1+ 36. Kc2 f5 37. Rh8+ 1-0

[Event "3. Open Internacional de Calviá"]
[Site "Calvia ESP"]
[Date "2006.10.27"]
[Round "8.6"]
[White "Spraggett, Kevin"]
[Black "Manik, Mikulas"]
[Result "1/2-1/2"]
[WhiteElo "2610"]
[BlackElo "2454"]
[PlyCount "64"]
[EventDate "2006.10.20"]
[EventType "swiss"]
[EventRounds "9"]
[EventCountry "ESP"]
[Source "lmi"]
[SourceDate "2006.10.20"]

1. e4 c5 2. Nf3 Nc6 3. d4 cxd4 4. Nxd4 Nf6 5. Nc3 d6 6. Bg5 e6 7. Qd2 a6 8.
O-O-O Nxd4 9. Qxd4 Be7 10. h4 h6 11. Be3 Qc7 12. f3 b5 13. g4 Bb7 14. Be2 b4
15. Qxb4 d5 16. Qb6 Qxb6 17. Bxb6 dxe4 18. Nxe4 Nxe4 19. fxe4 Bxe4 20. Rh3 O-O
21. Rd7 Rfe8 22. c4 Bg2 23. Rh2 Bc6 24. Rd1 Rec8 25. b3 a5 26. Kb2 a4 27. Bd4
axb3 28. axb3 Rcb8 29. Rh3 Bg2 30. Rg3 Be4 31. Re3 Ba3+ 32. Kc3 Bb4+ 1/2-1/2

[Event "3. Open Internacional de Calviá"]
[Site "Calvia ESP"]
[Date "2006.10.27"]
[Round "8.7"]
[White "Hamdouchi, Hichem"]
[Black "Zawadzki, Stanislaw"]
[Result "1-0"]
[WhiteElo "2582"]
[BlackElo "2422"]
[PlyCount "71"]
[EventDate "2006.10.20"]
[EventType "swiss"]
[EventRounds "9"]
[EventCountry "ESP"]
[Source "lmi"]
[SourceDate "2006.10.20"]

1. e4 e6 2. d4 c5 3. Nf3 cxd4 4. Nxd4 a6 5. Bd3 Bc5 6. Nb3 Ba7 7. Qe2 Nc6 8.
Be3 Nge7 9. O-O d6 10. a4 O-O 11. f4 e5 12. f5 d5 13. Bxa7 Rxa7 14. N1d2 f6 15.
Qf2 dxe4 16. Bxe4 b6 17. c3 Qc7 18. Rfd1 Bb7 19. Bb1 Kh8 20. a5 bxa5 21. Nc5
Bc8 22. Nc4 Rd8 23. Be4 h6 24. h3 a4 25. Kh1 Ra8 26. Rxd8+ Qxd8 27. Qf3 Qc7 28.
Rd1 Rb8 29. Nd6 Nd4 30. Nf7+ Kg8 31. cxd4 Kxf7 32. Qh5+ g6 33. Qxh6 gxf5 34.
Bf3 Kg8 35. dxe5 fxe5 36. Rd6 1-0

[Event "3. Open Internacional de Calviá"]
[Site "Calvia ESP"]
[Date "2006.10.27"]
[Round "8.8"]
[White "Gajewski, Grzegorz"]
[Black "Hernandez, Holden"]
[Result "1-0"]
[WhiteElo "2515"]
[BlackElo "2524"]
[PlyCount "65"]
[EventDate "2006.10.20"]
[EventType "swiss"]
[EventRounds "9"]
[EventCountry "ESP"]
[Source "lmi"]
[SourceDate "2006.10.20"]

1. d4 Nf6 2. c4 e6 3. Nf3 b6 4. g3 Bb7 5. Bg2 Be7 6. Nc3 O-O 7. Qc2 c5 8. d5
exd5 9. cxd5 Nxd5 10. Qe4 Nb4 11. Qxb7 N8c6 12. Bf4 Nc2+ 13. Kd2 Nxa1 14. Rxa1
Bf6 15. Rd1 Bxc3+ 16. bxc3 Qf6 17. Bh3 d5 18. Bg5 Qg6 19. Ke1 d4 20. cxd4 Nxd4
21. Be7 Rab8 22. Qd5 Rfe8 23. Ne5 Qc2 24. Qxf7+ Kh8 25. Bg4 Qe4 26. f4 Nc2+ 27.
Kf2 Ne3 28. Rd7 Qxe5 29. fxe5 Nxg4+ 30. Ke1 Nxe5 31. Qe6 Nxd7 32. Qxd7 Rbc8 33.
Kd2 1-0

[Event "3. Open Internacional de Calviá"]
[Site "Calvia ESP"]
[Date "2006.10.27"]
[Round "8.9"]
[White "Godena, Michele"]
[Black "Das, Arghyadip"]
[Result "1/2-1/2"]
[WhiteElo "2522"]
[BlackElo "2373"]
[PlyCount "50"]
[EventDate "2006.10.20"]
[EventType "swiss"]
[EventRounds "9"]
[EventCountry "ESP"]
[Source "lmi"]
[SourceDate "2006.10.20"]

1. e4 c5 2. c3 Nf6 3. e5 Nd5 4. Bc4 Nb6 5. Bb3 e6 6. Nf3 d6 7. exd6 Bxd6 8. d4
cxd4 9. Qxd4 O-O 10. O-O Be7 11. Qe4 N8d7 12. Bc2 g6 13. Bh6 Re8 14. Rd1 Nd5
15. Nbd2 Qc7 16. Bg5 b5 17. Bxe7 Rxe7 18. Qh4 Bb7 19. Ne4 Nc5 20. Rxd5 exd5 21.
Nf6+ Kg7 22. Qd4 Ne6 23. Ne8+ Kg8 24. Nxc7 Nxd4 25. Nxa8 Nxf3+ 1/2-1/2

[Event "3. Open Internacional de Calviá"]
[Site "Calvia ESP"]
[Date "2006.10.27"]
[Round "8.11"]
[White "Laylo, Darwin"]
[Black "Heberla, Bartlomiej"]
[Result "0-1"]
[WhiteElo "2448"]
[BlackElo "2569"]
[PlyCount "60"]
[EventDate "2006.10.20"]
[EventType "swiss"]
[EventRounds "9"]
[EventCountry "ESP"]
[Source "lmi"]
[SourceDate "2006.10.20"]

1. c4 e5 2. g3 f5 3. Bg2 Nf6 4. Nc3 Bb4 5. Qb3 Bxc3 6. Qxc3 d6 7. b4 O-O 8. Bb2
Nc6 9. d3 Qe8 10. b5 Ne7 11. e3 a6 12. b6 c5 13. Ne2 Bd7 14. O-O Bc6 15. f3 Nc8
16. Rac1 Nxb6 17. Qd2 Rd8 18. d4 exd4 19. exd4 d5 20. Rfe1 Nxc4 21. Qc3 Nxb2
22. Nf4 Na4 23. Qa3 Qf7 24. Ne6 Rde8 25. Nxf8 Rxe1+ 26. Rxe1 Qxf8 27. Qd3 Bd7
28. g4 cxd4 29. g5 Nh5 30. Re5 Qc5 0-1

[Event "3. Open Internacional de Calviá"]
[Site "Calvia ESP"]
[Date "2006.10.27"]
[Round "8.12"]
[White "Dziuba, Marcin"]
[Black "Dimakiling, Oliver"]
[Result "0-1"]
[WhiteElo "2535"]
[BlackElo "2476"]
[PlyCount "72"]
[EventDate "2006.10.20"]
[EventType "swiss"]
[EventRounds "9"]
[EventCountry "ESP"]
[Source "lmi"]
[SourceDate "2006.10.20"]

1. d4 Nf6 2. c4 e6 3. Nf3 d5 4. Nc3 dxc4 5. Bg5 c6 6. e4 b5 7. Be2 Bb7 8. O-O
h6 9. Bh4 Nbd7 10. Qc2 Qb6 11. Rad1 Bb4 12. Ne5 Nxe5 13. dxe5 Nd7 14. a3 Bc5
15. Kh1 g5 16. Bg3 O-O-O 17. Bh5 Bd4 18. Bxf7 c5 19. a4 a6 20. a5 Qc6 21. Nd5
Kb8 22. Ne7 Qxe4 23. Qxe4 Bxe4 24. Rfe1 Rh7 25. Bxe6 Rxe7 26. Bxd7 Rdxd7 27.
e6+ Kc8 28. Rxe4 Rd8 29. f4 Bxb2 30. Rxd8+ Kxd8 31. f5 Bd4 32. Bf2 c3 33. Be3
Bxe3 34. Rxe3 b4 35. f6 c2 36. Re1 Rxe6 0-1

[Event "3. Open Internacional de Calviá"]
[Site "Calvia ESP"]
[Date "2006.10.27"]
[Round "8.13"]
[White "So, Wesley"]
[Black "Cramling, Pia"]
[Result "1/2-1/2"]
[WhiteElo "2411"]
[BlackElo "2528"]
[PlyCount "95"]
[EventDate "2006.10.20"]
[EventType "swiss"]
[EventRounds "9"]
[EventCountry "ESP"]
[Source "lmi"]
[SourceDate "2006.10.20"]

1. e4 c5 2. Nf3 e6 3. d4 cxd4 4. Nxd4 a6 5. Bd3 g6 6. O-O Bg7 7. Nb3 Ne7 8. c4
O-O 9. Nc3 Nbc6 10. Bg5 h6 11. Bf4 d5 12. exd5 exd5 13. Re1 Be6 14. c5 d4 15.
Ne2 Nf5 16. Qd2 Nh4 17. Bg3 Qg5 18. Nf4 Bxb3 19. axb3 Nf5 20. b4 h5 21. Bxf5
Qxf5 22. Nd3 Rfe8 23. Rad1 Kh7 24. Bf4 Bf6 25. h3 Qd5 26. Re2 Rxe2 27. Qxe2 Qb3
28. Qd2 Re8 29. Kh2 Re4 30. f3 Re8 31. g4 Nxb4 32. gxh5 Nxd3 33. hxg6+ fxg6 34.
Qxd3 Qxd3 35. Rxd3 Re2+ 36. Kg3 Rxb2 37. Bc7 Kg7 38. Kf4 Kf7 39. Be5 Rc2 40.
Bxf6 Kxf6 41. Rb3 Rxc5 42. Rxb7 Ra5 43. Rb6+ Kg7 44. Rd6 Ra4 45. Kg5 Ra5+ 46.
Kf4 Ra4 47. Kg5 Ra5+ 48. Kf4 1/2-1/2

[Event "3. Open Internacional de Calviá"]
[Site "Calvia ESP"]
[Date "2006.10.27"]
[Round "8.14"]
[White "Wehmeier, Stefan"]
[Black "Neelotpal, Das"]
[Result "1-0"]
[WhiteElo "2400"]
[BlackElo "2490"]
[PlyCount "77"]
[EventDate "2006.10.20"]
[EventType "swiss"]
[EventRounds "9"]
[EventCountry "ESP"]
[Source "lmi"]
[SourceDate "2006.10.20"]

1. d4 Nf6 2. c4 e6 3. Nc3 Bb4 4. e3 O-O 5. Bd3 d5 6. cxd5 exd5 7. Nge2 Re8 8.
O-O Bd6 9. Ng3 a6 10. Bd2 c5 11. dxc5 Bxc5 12. e4 Ng4 13. Be2 Nxh2 14. Kxh2
Qh4+ 15. Kg1 Qxg3 16. Nxd5 Qh4 17. Bf4 Nc6 18. Rc1 Ba7 19. g3 Qh3 20. Rxc6 bxc6
21. Nc7 Bd7 22. Nxa8 g5 23. Bc7 Rxa8 24. Qd6 Re8 25. Qf6 Qe6 26. Qxg5+ Qg6 27.
Qxg6+ hxg6 28. Bf3 Be6 29. b3 c5 30. Be2 c4 31. bxc4 Bh3 32. Rc1 Rxe4 33. Bf3
Rd4 34. c5 Rb4 35. Ba8 Rb2 36. Bd5 a5 37. Re1 Rc2 38. Re8+ Kg7 39. Be5+ 1-0

[Event "3. Open Internacional de Calviá"]
[Site "Calvia ESP"]
[Date "2006.10.27"]
[Round "8.15"]
[White "Libiszewski, Fabien"]
[Black "Pogorelov, Ruslan"]
[Result "1-0"]
[WhiteElo "2469"]
[BlackElo "2462"]
[PlyCount "107"]
[EventDate "2006.10.20"]
[EventType "swiss"]
[EventRounds "9"]
[EventCountry "ESP"]
[Source "lmi"]
[SourceDate "2006.10.20"]

1. e4 e6 2. d4 d5 3. Nc3 Bb4 4. exd5 exd5 5. Bd3 Nc6 6. a3 Bxc3+ 7. bxc3 Nge7
8. Qh5 Be6 9. Rb1 b6 10. Nf3 Qd7 11. Ng5 O-O-O 12. Nxe6 Qxe6+ 13. Be3 g6 14.
Qf3 Nf5 15. O-O Nxe3 16. Rfe1 f5 17. Rxe3 Qd6 18. Ba6+ Kb8 19. Bb5 Rhe8 20. a4
Re4 21. Rxe4 dxe4 22. Qe2 Na5 23. f3 c6 24. Ba6 Re8 25. fxe4 Rxe4 26. Qd2 Qe6
27. Bd3 Re3 28. c4 Kc7 29. c5 f4 30. cxb6+ axb6 31. Qb4 Kd7 32. Bf1 Qe4 33. Bd3
Qe7 34. Qxe7+ Rxe7 35. Rxb6 Kc7 36. Rb1 Rd7 37. c3 c5 38. Rb5 Nb7 39. Be4 Nd6
40. Rxc5+ Kd8 41. Bd3 Nb7 42. Rb5 Rc7 43. Rd5+ Ke7 44. c4 Nd8 45. a5 Ne6 46. a6
Ra7 47. c5 Nc7 48. Rd6 Ne6 49. Bc4 Nf8 50. Rb6 Nd7 51. Rb7 Rxb7 52. axb7 Nb8
53. d5 Kd7 54. c6+ 1-0

[Event "3. Open Internacional de Calviá"]
[Site "Calvia ESP"]
[Date "2006.10.27"]
[Round "8.16"]
[White "Gomez, John Paul"]
[Black "Movsziszian, Karen"]
[Result "1-0"]
[WhiteElo "2387"]
[BlackElo "2456"]
[PlyCount "81"]
[EventDate "2006.10.20"]
[EventType "swiss"]
[EventRounds "9"]
[EventCountry "ESP"]
[Source "lmi"]
[SourceDate "2006.10.20"]

1. e4 d6 2. d4 g6 3. Nc3 c6 4. f4 Qb6 5. Bc4 Nh6 6. Bb3 Bg7 7. Nf3 Bg4 8. Be3
d5 9. h3 Bxf3 10. gxf3 e6 11. f5 Nd7 12. Qd2 Ng8 13. O-O-O O-O-O 14. Kb1 gxf5
15. Na4 Qa6 16. exf5 exf5 17. Rhg1 Bf6 18. Bf4 Ne7 19. Bh2 b6 20. Qf4 Kb7 21.
Rde1 b5 22. Nc3 Qb6 23. Ne2 Nf8 24. c3 Nfg6 25. Qd2 Rde8 26. Nf4 Qd8 27. Nd3
Nc8 28. Nc5+ Kb6 29. a4 a6 30. Bb8 a5 31. Bc2 Nh4 32. b4 Re7 33. Rxe7 Qxe7 34.
c4 Bxd4 35. Qxd4 Nxf3 36. bxa5+ Kxa5 37. Qc3+ b4 38. Nb3+ Ka6 39. Qxf3 Nb6 40.
Bf4 d4 41. Qxc6 1-0

[Event "3. Open Internacional de Calviá"]
[Site "Calvia ESP"]
[Date "2006.10.27"]
[Round "8.17"]
[White "Rivera, Daniel"]
[Black "Ghaem Maghami, Ehsan"]
[Result "1-0"]
[WhiteElo "2309"]
[BlackElo "2580"]
[PlyCount "47"]
[EventDate "2006.10.20"]
[EventType "swiss"]
[EventRounds "9"]
[EventCountry "ESP"]
[Source "lmi"]
[SourceDate "2006.10.20"]

1. e4 c5 2. Nf3 e6 3. d4 cxd4 4. Nxd4 a6 5. Nc3 b5 6. Bd3 Bb7 7. O-O Qc7 8. Qe2
Be7 9. a4 b4 10. Na2 Nf6 11. Bd2 d5 12. e5 Ne4 13. Bxb4 Bxb4 14. Nxb4 Qxe5 15.
c3 Qd6 16. Rfd1 Qe7 17. Nxd5 exd5 18. Nf5 Qc7 19. Bxe4 dxe4 20. Nd6+ Ke7 21.
Qh5 Nd7 22. Qxf7+ Kd8 23. Qxg7 Re8 24. Qg5+ 1-0

[Event "3. Open Internacional de Calviá"]
[Site "Calvia ESP"]
[Date "2006.10.27"]
[Round "8.18"]
[White "Bogza, Adina-Maria"]
[Black "Borges Mateos, Juan"]
[Result "1/2-1/2"]
[WhiteElo "2308"]
[BlackElo "2431"]
[PlyCount "30"]
[EventDate "2006.10.20"]
[EventType "swiss"]
[EventRounds "9"]
[EventCountry "ESP"]
[Source "lmi"]
[SourceDate "2006.10.20"]

1. Nf3 d5 2. c4 c6 3. e3 Nf6 4. Nc3 a6 5. d4 e6 6. Qc2 Nbd7 7. b3 b5 8. Be2 Be7
9. O-O O-O 10. Bb2 Bb7 11. Rfd1 Qb8 12. h3 Rc8 13. c5 b4 14. Nb1 a5 15. Nbd2
Ba6 1/2-1/2

[Event "3. Open Internacional de Calviá"]
[Site "Calvia ESP"]
[Date "2006.10.27"]
[Round "8.19"]
[White "Gonzales, Jayson"]
[Black "Gonzalez Arribas, Vidal Alejand"]
[Result "1-0"]
[WhiteElo "2418"]
[BlackElo "2297"]
[PlyCount "55"]
[EventDate "2006.10.20"]
[EventType "swiss"]
[EventRounds "9"]
[EventCountry "ESP"]
[Source "lmi"]
[SourceDate "2006.10.20"]

1. Nf3 d5 2. d4 c6 3. g3 Nf6 4. Bg2 Bg4 5. Ne5 Bf5 6. O-O Nbd7 7. Bf4 e6 8. c4
Be7 9. Nc3 O-O 10. cxd5 exd5 11. h3 h6 12. g4 Be6 13. Nd3 Re8 14. Bh2 h5 15. f4
Bxg4 16. hxg4 Nxg4 17. Qd2 Bh4 18. Ne5 Ndf6 19. Bf3 Nh6 20. Qd3 Qc8 21. Bg2
Nfg4 22. e4 dxe4 23. Nxe4 Nxh2 24. Kxh2 Ng4+ 25. Kg1 Qd8 26. Rad1 f5 27. Qb3+
Kh7 28. Qf7 1-0

[Event "3. Open Internacional de Calviá"]
[Site "Calvia ESP"]
[Date "2006.10.27"]
[Round "8.21"]
[White "Larino Nieto, David"]
[Black "Tattersall, Lester"]
[Result "1-0"]
[WhiteElo "2406"]
[BlackElo "2254"]
[PlyCount "43"]
[EventDate "2006.10.20"]
[EventType "swiss"]
[EventRounds "9"]
[EventCountry "ESP"]
[Source "lmi"]
[SourceDate "2006.10.20"]

1. g3 Nf6 2. Bg2 g6 3. e4 d6 4. d4 Bg7 5. Nc3 O-O 6. Nge2 e5 7. h3 Nc6 8. Be3
exd4 9. Nxd4 Re8 10. O-O Nxd4 11. Bxd4 c6 12. Qd2 Qc7 13. Rad1 Be6 14. Rfe1
Rad8 15. Qg5 h6 16. Qf4 g5 17. Qd2 d5 18. exd5 Nxd5 19. Bxg7 Kxg7 20. Nxd5 Bxd5
21. Qc3+ f6 22. Rxe8 1-0

[Event "3. Open Internacional de Calviá"]
[Site "Calvia ESP"]
[Date "2006.10.27"]
[Round "8.23"]
[White "Fogel, Pierre"]
[Black "Rendle, Thomas"]
[Result "0-1"]
[WhiteElo "2202"]
[BlackElo "2382"]
[PlyCount "100"]
[EventDate "2006.10.20"]
[EventType "swiss"]
[EventRounds "9"]
[EventCountry "ESP"]
[Source "lmi"]
[SourceDate "2006.10.20"]

1. d4 e6 2. c4 f5 3. g3 Nf6 4. Bg2 Be7 5. Nc3 O-O 6. Nf3 d6 7. O-O a5 8. b3 Ne4
9. Bb2 Nxc3 10. Bxc3 Qe8 11. Qd3 Qh5 12. e4 f4 13. e5 d5 14. h3 Bd7 15. Nh2 Bc6
16. c5 Be8 17. g4 Qh6 18. f3 b6 19. cxb6 cxb6 20. Bb2 Nc6 21. a3 a4 22. b4 Na7
23. Rfc1 Bb5 24. Qd1 Qh4 25. Rc3 Bc4 26. Rxc4 dxc4 27. Qxa4 b5 28. Qa6 Kf7 29.
Nf1 Rfc8 30. Bc3 Bf8 31. Nd2 Qd8 32. Qb7+ Kg8 33. Qe4 Nc6 34. Qxf4 Ne7 35. Ne4
Nd5 36. Qd2 Ra4 37. Bb2 Rca8 38. Rc1 Rxa3 39. Bxa3 Rxa3 40. Nc5 c3 41. Qd3 Nxb4
42. Qe3 Bxc5 43. dxc5 Qd3 44. Qe1 Qd4+ 45. Kh1 Nd3 46. Qh4 Nxc1 47. Qe7 Ra8 48.
Qxe6+ Kh8 49. f4 Ne2 50. Bxa8 Qg1# 0-1

[Event "3. Open Internacional de Calviá"]
[Site "Calvia ESP"]
[Date "2006.10.27"]
[Round "8.24"]
[White "Canyelles Frau, Josep"]
[Black "Ziska, Helgi Dam"]
[Result "0-1"]
[WhiteElo "2080"]
[BlackElo "2364"]
[PlyCount "56"]
[EventDate "2006.10.20"]
[EventType "swiss"]
[EventRounds "9"]
[EventCountry "ESP"]
[Source "lmi"]
[SourceDate "2006.10.20"]

1. d4 Nf6 2. c4 g6 3. Nc3 Bg7 4. e4 d6 5. f3 O-O 6. Be3 c5 7. dxc5 dxc5 8. Qxd8
Rxd8 9. Bxc5 Nc6 10. Rd1 Rxd1+ 11. Kxd1 Nd7 12. Be3 Bxc3 13. bxc3 Nde5 14. Be2
Be6 15. Nh3 Nxc4 16. Bc1 Nb6 17. a3 Rd8+ 18. Kc2 Na5 19. Be3 Bb3+ 20. Kc1 Nbc4
21. Bh6 Nxa3 22. Kb2 N3c4+ 23. Bxc4 Bxc4 24. Ra1 b6 25. Nf2 f6 26. Rd1 Rc8 27.
Rd7 Nc6 28. Bf4 Bf1 0-1

[Event "3. Open Internacional de Calviá"]
[Site "Calvia ESP"]
[Date "2006.10.27"]
[Round "8.26"]
[White "Spassov, Liuben"]
[Black "Fokin, Sergey"]
[Result "1-0"]
[WhiteElo "2365"]
[BlackElo "2157"]
[PlyCount "57"]
[EventDate "2006.10.20"]
[EventType "swiss"]
[EventRounds "9"]
[EventCountry "ESP"]
[Source "lmi"]
[SourceDate "2006.10.20"]

1. d4 Nf6 2. c4 e6 3. Nf3 b6 4. g3 Ba6 5. b3 Bb4+ 6. Bd2 Be7 7. Bg2 d5 8. cxd5
exd5 9. O-O O-O 10. Nc3 c5 11. Rc1 Nc6 12. dxc5 bxc5 13. Bg5 d4 14. Bxf6 Bxf6
15. Na4 Re8 16. Re1 c4 17. Nc5 Qa5 18. Nxa6 Qxa6 19. Rxc4 Rad8 20. Qd3 Re6 21.
Rec1 Ne7 22. Ra4 Qb6 23. Nd2 g6 24. Ne4 Bg7 25. h4 h6 26. Rc2 Nf5 27. Bf3 Qb8
28. Ra5 Re7 29. Rb5 1-0

[Event "3. Open Internacional de Calviá"]
[Site "Calvia ESP"]
[Date "2006.10.27"]
[Round "8.27"]
[White "Leskovar, Mario"]
[Black "Guennoun, Anthony"]
[Result "0-1"]
[WhiteElo "2373"]
[BlackElo "2122"]
[PlyCount "44"]
[EventDate "2006.10.20"]
[EventType "swiss"]
[EventRounds "9"]
[EventCountry "ESP"]
[Source "lmi"]
[SourceDate "2006.10.20"]

1. b3 e5 2. Bb2 Nc6 3. c4 Nf6 4. e3 d5 5. cxd5 Nxd5 6. a3 Bd6 7. Qc2 O-O 8. Nf3
Qe7 9. Nc3 Nxc3 10. Qxc3 f6 11. d3 Nd4 12. Nxd4 exd4 13. Qxd4 Be6 14. Qc3 b5
15. Qc2 b4 16. Be2 bxa3 17. Bc3 Rab8 18. Rb1 Qf7 19. Bd1 Rb5 20. O-O Rfb8 21.
b4 a5 22. Qa4 axb4 0-1

[Event "3. Open Internacional de Calviá"]
[Site "Calvia ESP"]
[Date "2006.10.27"]
[Round "8.29"]
[White "Kutuzov, Denis"]
[Black "Serrano Bozada, Esteban"]
[Result "1-0"]
[WhiteElo "2315"]
[BlackElo "2073"]
[PlyCount "67"]
[EventDate "2006.10.20"]
[EventType "swiss"]
[EventRounds "9"]
[EventCountry "ESP"]
[Source "lmi"]
[SourceDate "2006.10.20"]

1. e4 e6 2. d4 d5 3. e5 c5 4. c3 Qb6 5. Nf3 Nc6 6. a3 a5 7. Bd3 Bd7 8. Bc2 Nge7
9. b3 cxd4 10. cxd4 Nf5 11. Bb2 Be7 12. h4 h5 13. Bxf5 exf5 14. Nc3 Be6 15. O-O
O-O 16. Bc1 Rfc8 17. Ne2 g6 18. Bg5 Bxg5 19. Nxg5 Nd8 20. Nf4 Kg7 21. Qd3 a4
22. Rab1 Qc6 23. bxa4 Rxa4 24. Rfd1 Rc4 25. Qg3 Rc3 26. Nf3 Kf8 27. Qg5 Rxa3
28. Qf6 Ke8 29. Ng5 Rc7 30. Qh8+ Ke7 31. Ngxe6 Nxe6 32. Rb6 Qe8 33. Nxd5+ Kd8
34. Rd6+ 1-0

[Event "3. Open Internacional de Calviá"]
[Site "Calvia ESP"]
[Date "2006.10.27"]
[Round "8.30"]
[White "Coimbra, Margarida"]
[Black "Galiana, Juan Ramon"]
[Result "1/2-1/2"]
[WhiteElo "2047"]
[BlackElo "2291"]
[PlyCount "106"]
[EventDate "2006.10.20"]
[EventType "swiss"]
[EventRounds "9"]
[EventCountry "ESP"]
[Source "lmi"]
[SourceDate "2006.10.20"]

1. e4 e6 2. d4 d5 3. Nd2 Nf6 4. e5 Nfd7 5. Bd3 c5 6. c3 Nc6 7. Ngf3 cxd4 8.
cxd4 Qb6 9. O-O f6 10. exf6 Nxf6 11. Nb3 Bd6 12. Bg5 O-O 13. Bh4 Bd7 14. Bg3
Bxg3 15. hxg3 Rae8 16. Qe2 Nb4 17. Nc5 Nxd3 18. Nxd7 Nxd7 19. Qxd3 Rf6 20. Qb3
Qxb3 21. axb3 a6 22. Rac1 Rf7 23. Rc7 Nb8 24. Rxf7 Kxf7 25. Ne5+ Kf6 26. Rc1
Nc6 27. Nf3 Ke7 28. Kf1 Kd6 29. Ke2 Rc8 30. Kd2 Rc7 31. Rh1 h6 32. Rc1 Rf7 33.
Ke3 Rd7 34. Kd3 Rc7 35. Kd2 Na5 36. Rxc7 Kxc7 37. Kc3 Nc6 38. Nh4 Kd6 39. f4 h5
40. Ng6 Ne7 41. Nh4 Kc6 42. Nf3 Ng6 43. Kd3 b6 44. Ke3 Kd6 45. Kd3 Ke7 46. Ke3
Kf6 47. Nh4 Nxh4 48. gxh4 Kf5 49. Kf3 a5 50. b4 axb4 51. b3 g6 52. g3 b5 53.
Ke3 Kg4 1/2-1/2

[Event "3. Open Internacional de Calviá"]
[Site "Calvia ESP"]
[Date "2006.10.27"]
[Round "8.31"]
[White "Rodriguez Lopez, Rafael"]
[Black "Ruprich, Udo"]
[Result "1/2-1/2"]
[WhiteElo "2289"]
[BlackElo "2035"]
[PlyCount "81"]
[EventDate "2006.10.20"]
[EventType "swiss"]
[EventRounds "9"]
[EventCountry "ESP"]
[Source "lmi"]
[SourceDate "2006.10.20"]

1. d4 d5 2. Nf3 Bf5 3. c4 c6 4. Nc3 e6 5. Bg5 Nf6 6. e3 Nbd7 7. cxd5 exd5 8.
Bd3 Bxd3 9. Qxd3 Bb4 10. O-O h6 11. Bxf6 Nxf6 12. a3 Bxc3 13. Qxc3 O-O 14. Ne5
Qd6 15. Rfc1 Rfe8 16. Rab1 Ne4 17. Qc2 Qe6 18. b4 Rac8 19. Qe2 Qf5 20. Rb2 Re7
21. Rbc2 Rec7 22. h3 f6 23. Nd3 g5 24. b5 Qd7 25. bxc6 Rxc6 26. Nb4 Rxc2 27.
Rxc2 Rxc2 28. Qxc2 a5 29. Na2 Qc6 30. Qd3 Kg7 31. f3 Nd6 32. Nc3 Qc4 33. Qxc4
Nxc4 34. Nxd5 Nxa3 35. Kf2 Kf7 36. Ke2 Ke6 37. e4 Nc2 38. Nc7+ Kd6 39. Nb5+ Kc6
40. Kd2 Kxb5 41. Kxc2 1/2-1/2

[Event "3. Open Internacional de Calviá"]
[Site "Calvia ESP"]
[Date "2006.10.27"]
[Round "8.33"]
[White "Mareco, Sandro"]
[Black "Pinilla Santibanez, Roberto"]
[Result "1-0"]
[WhiteElo "2335"]
[BlackElo "2114"]
[PlyCount "95"]
[EventDate "2006.10.20"]
[EventType "swiss"]
[EventRounds "9"]
[EventCountry "ESP"]
[Source "lmi"]
[SourceDate "2006.10.20"]

1. d4 d5 2. c4 e6 3. Nc3 Nf6 4. Bg5 Be7 5. e3 c6 6. cxd5 exd5 7. Bd3 Nbd7 8.
Nge2 O-O 9. Qc2 Re8 10. O-O Nf8 11. Rae1 h6 12. Bh4 Ne6 13. f3 b5 14. Bf2 b4
15. Na4 Bb7 16. Kh1 Rc8 17. e4 c5 18. e5 Nd7 19. f4 cxd4 20. Qd2 Bc6 21. b3
Bxa4 22. bxa4 Nec5 23. Bxd4 Nxd3 24. Qxd3 Nc5 25. Qe3 Ne4 26. Ng3 Nxg3+ 27.
hxg3 a6 28. f5 Bg5 29. Qd3 Rc6 30. e6 fxe6 31. f6 Rf8 32. fxg7 Rxf1+ 33. Rxf1
Rc1 34. Rxc1 Bxc1 35. Qxa6 Qe8 36. Qf1 Bd2 37. Qf8+ Qxf8 38. gxf8=Q+ Kxf8 39.
a5 b3 40. a6 b2 41. Bxb2 Be3 42. Bc1 Bb6 43. Bxh6+ Kf7 44. Bf4 Ba7 45. a4 Kf6
46. Bc7 e5 47. a5 e4 48. Bb6 1-0

[Event "3. Open Internacional de Calviá"]
[Site "Calvia ESP"]
[Date "2006.10.27"]
[Round "8.34"]
[White "Loerke, Reinhard"]
[Black "Barcelo, Pedro"]
[Result "1-0"]
[WhiteElo "2014"]
[BlackElo "2261"]
[PlyCount "71"]
[EventDate "2006.10.20"]
[EventType "swiss"]
[EventRounds "9"]
[EventCountry "ESP"]
[Source "lmi"]
[SourceDate "2006.10.20"]

1. e4 e6 2. d4 d5 3. Nc3 Nf6 4. e5 Nfd7 5. Qg4 c5 6. f4 Nc6 7. Nf3 a6 8. Be3 h5
9. Qg3 b5 10. Be2 g6 11. Nxd5 exd5 12. e6 Nf6 13. exf7+ Kxf7 14. Ne5+ Nxe5 15.
fxe5 Ne4 16. O-O+ Bf5 17. Rxf5+ gxf5 18. e6+ Ke7 19. Qe5 Nf6 20. Bg5 Bg7 21.
dxc5 Rc8 22. b4 Rc6 23. Qxf5 Rxe6 24. Bf3 Kf7 25. Rf1 Re4 26. Bxf6 Bxf6 27.
Bxh5+ Rxh5 28. Qxh5+ Kg7 29. c3 Re5 30. Qg4+ Rg5 31. Qf4 d4 32. c6 Rg6 33. c7
Qd7 34. h4 Qc8 35. g4 Bxh4 36. Qf8+ 1-0